Hijos de mi paciencia / (Record no. 134171)

MARC details
000 -LEADER
campo de control de longitud fija 00820nam a22002771 4500
001 - NÚMERO DE CONTROL
campo de control 134171
003 - IDENTIFICADOR DE NÚMERO DE CONTROL
campo de control ES-MaACL
005 - FECHA Y HORA DE LA ÚLTIMA TRANSACCIÓN
campo de control 20250801154529.0
007 - CAMPO FIJO DE DESCRIPCIÓN FÍSICA--INFORMACIÓN GENERAL
campo de control de longitud fija t|
008 - DATOS DE LONGITUD FIJA--INFORMACIÓN GENERAL
campo de control de longitud fija 070906s1965 sp ||||0| spa d
016 7# - NÚMERO DE CONTROL DE UNA AGENCIA BIBLIOGRÁFICA NACIONAL
Número de control cancelado/no válido IND2000943724
040 ## - FUENTE DE CATALOGACIÓN
Centro catalogador/agencia de origen M-BN
Lengua de catalogación spa
Centro/agencia transcriptor CDM
080 ## - NÚMERO DE LA CLASIFICACIÓN DECIMAL UNIVERSAL
Número de la Clasificación Decimal Universal 173.5
100 1# - ENTRADA PRINCIPAL--NOMBRE DE PERSONA
Nombre de persona Weyergans, Franz.
9 (RLIN) 116599
245 10 - MENCIÓN DEL TÍTULO
Título Hijos de mi paciencia /
Mención de responsabilidad, etc. Franz Weyergans ; traducido por Pedro Darnell.
260 ## - PUBLICACIÓN, DISTRIBUCIÓN, ETC.
Lugar de publicación, distribución, etc. Barcelona :
Nombre del editor, distribuidor, etc. Estela,
Fecha de publicación, distribución, etc. [1965]
300 ## - DESCRIPCIÓN FÍSICA
Extensión 124 p. ;
Dimensiones 19 cm.
490 1# - MENCIÓN DE SERIE
Mención de serie Vida y amor ;
Designación de volumen o secuencia 10
490 1# - MENCIÓN DE SERIE
Mención de serie Colección "Vida y Amor" ;
Designación de volumen o secuencia 10
650 14 - PUNTO DE ACCESO ADICIONAL DE MATERIA--TÉRMINO DE MATERIA
Término de materia o nombre geográfico como elemento de entrada Padres e hijos.
9 (RLIN) 15785
700 1# - ENTRADA AGREGADA--NOMBRE PERSONAL
Nombre de persona Darnell, Pedro.
9 (RLIN) 42741
830 00 - PUNTO DE ACCESO ADICIONAL DE SERIE-TÍTULO UNIFORME
Título uniforme Vida y amor
Designación de volumen o secuencia 10
9 (RLIN) 182812
830 00 - PUNTO DE ACCESO ADICIONAL DE SERIE-TÍTULO UNIFORME
Título uniforme Vida y amor
Designación de volumen o secuencia 10
9 (RLIN) 182812
852 ## - LOCALIZACIÓN
Ubicación ES-MaACL
Número de control de estantería C-28854
Sublocalización o colección R.58422
Holdings
Estatus retirado Estado de pérdida Estado de daño No para préstamo Biblioteca de origen Biblioteca actual Ubicación en estantería Fecha de adquisición Fuente de adquisición Total de préstamos Signatura topográfica completa Código de barras Visto por última vez Precio de reemplazo Tipo de ítem Koha
        Biblioteca del Ateneo de Madrid Biblioteca del Ateneo de Madrid Depósito 2 17/01/2008     C-28854 1139664 23/02/2023 23/02/2023 Libro impreso